000 00265nam a22001217a 4500
008 180712b xxu||||| |||| 00| 0 eng d
041 _aeng
080 _a711
100 _a45
101 _aART
245 _aPractical Pattern Making
_cCastro, L.M
942 _2udc
_cBK
999 _c46648
_d46648